000
00301nam a22001217a 4500
020
_a
0-330-24155-9
082
_a
745 DIX'F
100
_a
DIX, DOUGLASK
_9
76654
245
_a
FILOGRAPHY AN INTRODUCTION TO THREAD SCULPTURE
260
_a
AUSRALIA
_b
HOBBIES/PASTIMES
_c
1975
300
_a
64P
942
_c
BK
999
_c
582001
_d
582001